000 00428nam a2200145 a 4500
001 000037937
005 20201002031135.0
008 130311s1980 dr 000 0 spa d
040 _aDO-SdBNP
_bspa
_cBNPHU
110 1 _aRepública Dominicana
_9447
240 1 3 _a[Leyes, etc.]
245 1 0 _aLey del notariado.
260 _aSanto Domingo :
_bPublicaciones del Colegio Dominicano de Notarios,
_c1980.
300 _a[30 p.] ;
_c22 cm.
999 _c37427
_d37427